Color Meaning Match - Statistics

General Stats
  • This quiz has been taken 41 times
  • The average score is 12 of 15
Answer Stats
Hint Color % Correct
love, passion, lust, strength, leadership, courage, rage Red
100%
sky, sea, open spaces, freedom, intuition, imagination, expansiveness Blue
92%
earth, wood, stone, wholesomeness, security, healing, home, Brown
90%
money, finances, banking, ambition, greed, jealousy, wall street. Green
90%
sweet, nice, playful, cute, romantic, charming, feminine Pink
90%
purity, virginity, innocence, light, goodness, heaven, safety White
90%
royalty, luxury, power, ambition, wealth, extravagance, dignity Purple
87%
wealth, grandeur, prosperity, sparkle, glitz, glamour. Gold
85%
joy, warmth, heat, sunshine, enthusiasm, creativity, success Orange
85%
power, fear, mystery, strength, authority, elegance, formality Black
82%
dull, dirty, dingy, formal, conservative, sophisticated. Grey
82%
freshness, happiness, positivity, clarity, energy, optimism, enlightenment Yellow
79%
industrial, sleek, high-tech, modern, graceful, elegant. Silver
77%
neutral, calming, relaxing Beige
44%
sophisticated, energy, wisdom, serenity, wholeness, creativity, emotional balance Turquoise
8%
No matching quizzes found
Score Distribution
Percent of People with Each Score
Percentile by Number Answered
Your Score History
You have not taken this quiz